[Event "Paris-ch op-A"]
[Site "Paris"]
[Date "2010.07.04"]
[Round "2"]
[White "Moncourtois, Vincent"]
[Black "Hameau, Cyril"]
[Result "0-1"]
[WhiteElo "1870"]
[BlackElo "1969"]
[PlyCount "42"]
[EventDate "2010.07.03"]
[EventType "swiss"]
[EventRounds "9"]
[EventCountry "FRA"]
[SourceTitle "CBM 137 Extra"]
[Source "ChessBase"]
[SourceDate "2010.09.01"]
[SourceVersion "1"]
[SourceVersionDate "2010.09.01"]
[SourceQuality "1"]

1. d4 Nf6 2. c4 c5 3. e3 g6 4. Nc3 Bg7 5. Nf3 0-0 6. Be2 cxd4 7. exd4 d6 8. h3 Nc6 9. d5 Nb4 10. a3 Na6 11. Be3 Bd7 12. g4 Nc5 13. Qc2 a5 14. g5 Bf5 15. Qc1 Nb3 16. Qd1 Nxa1 17. gxf6 Nc2+ 18. Kd2 Nxe3 19. fxe3 Bxf6 20. e4 Bxc3+ 21. bxc3 Bxe4 0-1